Truancy : a case study of a number of pupils in a secondary schools /
Saved in:
| Main Author: | |
|---|---|
| Format: | Thesis Book |
| Language: | English |
| Published: |
1988.
|
| Subjects: | |
| Tags: |
Add Tag
No Tags, Be the first to tag this record!
|
| LEADER | 01223cam a2200313 4500 | ||
|---|---|---|---|
| 001 | u83513 | ||
| 003 | SIRSI | ||
| 008 | 890622s1988 my mt q00 1 eng m | ||
| 015 | |a X880084975 | ||
| 035 | |a AAJ-0847 | ||
| 040 | |a UMM | ||
| 043 | |a a-my--- | ||
| 090 | |a LB3081 |b Ram | ||
| 091 | |a Microfiche 10749 | ||
| 100 | 1 | 0 | |a Ramanathan, Supramaniam. |
| 245 | 1 | 0 | |a Truancy : |b a case study of a number of pupils in a secondary schools / |c by Supramaniam a/l Ramanathan. |
| 260 | |c 1988. | ||
| 300 | |a vi, 343 leaves ; |c 28cm | ||
| 500 | |a Microfiche. Kuala Lumpur : University of Malaya Library, 1999. 4 fiches : negative ; 11 x 15 cm. | ||
| 502 | |a Dissertation (M.Ed.) - Fakulti Pendidikan, Universiti Malaya, 1988 | ||
| 504 | |a Bibliography: leaves 327-334 | ||
| 650 | 0 | |a School attendance |z Malaysia | |
| 650 | 0 | |a Dropouts |z Malaysia | |
| 710 | 2 | 0 | |a Universiti Malaya. |b Fakulti Pendidikan. |
| 948 | |a 17/03/1991 |b 30/07/2002 | ||
| 596 | |a 1 8 | ||
| 999 | |a LB3081 RAM |w LC |c 1 |i A010577450 |d 27/2/2012 |e 27/2/2012 |l STACKS |m P01UTAMA |n 23 |r Y |s Y |t TESIS |u 21/1/1992 | ||
| 999 | |a LB3081 RAM |w LC |c 1 |i A506697954 |l STACKS |m P08PENDIDI |r Y |s Y |t TESIS |u 25/10/1997 | ||
| 999 | |a LB3081 RAM |w LC |c 2 |i A511077766 |l STACKS |m P08PENDIDI |r Y |s Y |t TESIS |u 9/4/2003 | ||
